书目信息 |
| 题名: |
常识判断
|
|
| 作者: | 李永新 , 张永生 主编 | |
| 分册: | ||
| 出版信息: | 北京 人民日报出版社 2016.02 |
|
| 页数: | 283页 | |
| 开本: | 30cm | |
| 丛书名: | ||
| 单 册: | ||
| 中图分类: | D630.3-44 | |
| 科图分类: | ||
| 主题词: | 政治--中国 | |
| 电子资源: | ||
| ISBN: | 7-5115-3647-6 | |
| 000 | 00727nam0 2200217 450 | |
| 001 | 1731322326 | |
| 005 | 20170218111105.85 | |
| 010 | @a7-5115-3647-6@dCNY45.00 | |
| 100 | @a20170218d2016 km y0chiy0120 ea | |
| 101 | 0 | @achi |
| 102 | @aCN@b110000 | |
| 200 | 1 | @a常识判断@Achang shi pan duan@e公务员录用考试专项题库@f李永新, 张永生主编@Fli yong xin,zhang yong sheng zhu bian |
| 210 | @a北京@c人民日报出版社@d2016.02 | |
| 215 | @a283页@d30cm | |
| 517 | 1 | @a公务员录用考试专项题库@Agong wu yuan lu yong kao shi zhuan xiang ti ku |
| 606 | 0 | @a政治@x中国 |
| 690 | @aD630.3-44@v4 | |
| 701 | 0 | @a李永新@Ali yong xin@4主编 |
| 701 | 0 | @a张永生@Azhang yong sheng@4主编 |
| 801 | 0 | @aCN@bMUSE@c20170218 |
| 905 | @aMUSE@dD630.3-44@eL3273 | |
| 常识判断:公务员录用考试专项题库/李永新, 张永生主编.-北京:人民日报出版社,2016.02 |
| 283页;30cm |
| ISBN 7-5115-3647-6:CNY45.00 |
| ● |
| 相关链接 |
|
|
|
正题名:常识判断
索取号:D630.3-44/L3273
 
预约/预借
| 序号 | 登录号 | 条形码 | 馆藏地/架位号 | 状态 | 备注 |
| 1 | 1239105 | 212391053 | 社科库509/509社科库 74排4列2层/ [索取号:D630.3-44/L3273] | 在馆 |